书目信息 |
| 题名: |
军队院校教育学
|
|
| 作者: | 张宝书 主编 | |
| 分册: | ||
| 出版信息: | 北京 军事科学出版社 206 |
|
| 页数: | 529页 | |
| 开本: | 20cm | |
| 丛书名: | ||
| 单 册: | ||
| 中图分类: | E251.3 | |
| 科图分类: | ||
| 主题词: | 军队--院校教学--研究--中国 , 军队 | |
| 电子资源: | ||
| ISBN: | 7-80137-946-2 | |
| 000 | 00893nam0 2200253 450 | |
| 000 | 00901nam0 2200253 450 | |
| 000 | 00832nam0 2200229 450 | |
| 000 | 00796nam0 2200217 45 | |
| 005 | 20070515100827.54 | |
| 010 | @a7-80137-946-2@b精装@dCNY34.00 | |
| 100 | @a20070424d2006 em y0chiy0120 ea | |
| 101 | 0 | @achi |
| 102 | @aCN@b110000 | |
| 105 | @ay z 000yy | |
| 200 | 1 | @a军队院校教育学@AJun Dui Yuan Xiao Jiao Yu Xue@f张宝书主编@FZhang Bao Shu Zhu Bian |
| 210 | @a北京@c军事科学出版社@d206 | |
| 215 | @a529页@d20cm | |
| 330 | @a本书内容包括“军队院校教育学概论、军队院校教育的要素、本质与基本任务、军队院校教育的形成与发展、军队院校教育的基本规律与主要特点、军队院校教育目的与教育指导思想等。 | |
| 606 | 0 | @a军队@x院校教学@x研究@y中国 |
| 606 | 0 | @a军队 |
| 690 | @aE251.3@v4 | |
| 701 | 0 | @a张宝书@AZhang Bao Shu@4主编 |
| 801 | 0 | @aCN@bTAOJIN@c20070515 |
| 905 | @a10447@dE251.3@e9 | |
| 军队院校教育学/张宝书主编.-北京:军事科学出版社,206 |
| 529页;20cm |
| ISBN 7-80137-946-2(精装):CNY34.00 |
| 本书内容包括“军队院校教育学概论、军队院校教育的要素、本质与基本任务、军队院校教育的形成与发展、军队院校教育的基本规律与主要特点、军队院校教育目的与教育指导思想等。 |
| ● |
| 相关链接 |
|
|
|
|
正题名:军队院校教育学
索取号:E251.3/9
 
预约/预借
| 序号 | 登录号 | 条形码 | 馆藏地/架位号 | 状态 | 备注 |
| 1 | 0520176 | 205201761 | 第一样本阅览室/ [索取号:E251.3/9] | 在馆 | |
| 2 | 0520177 | 205201770 | 第一借阅区/ [索取号:E251.3/9] | 在馆 | |
| 3 | 0520178 | 205201789 | 第一借阅区/ [索取号:E251.3/9] | 在馆 | |
| 4 | 0520179 | 205201798 | 第一借阅区/ [索取号:E251.3/9] | 在馆 | |
| 5 | 0520180 | 205201805 | 第一借阅区/ [索取号:E251.3/9] | 在馆 | |
| 6 | 0520181 | 205201814 | 第一借阅区/ [索取号:E251.3/9] | 在馆 |